00874 2200169 4500245005500000020002200055250001100077100001900088650001200107005001900119260002600138041001400164084001200178300003500190500047000225336000900695 aMengenal Belanda Lebih DekatcNico AndriantohText a978-623-7478-02-7 aCet. 1 aNico Andrianto aSejarah a20230926142342 aJakartabEsensic2020 aIndonesia a959.802 axiii, 162 hlm. ilus. :c21 cm. aBuku Mengenal Belanda Lebih Dekat menyelami negeri Belanda melalui hal-hal yang bisa diamati, seperti bangunan, arsitektur, dan aktivitas manusia serta memperkayanya dengan berbagai informasi dan literatur dalam konteks sosial budaya dan sejarahnya. Buku ini mengisahkan pengalaman unik penulis, saat berkelana ke sejumlah kota di Belanda. Selain itu, buku ini juga memaparkan tempat-tempat wisata, kebijakan publik, dan hal-hal unik serta fenomena menarik lainnya. atext